[Event "Kujawsko Pomorskie-ch op 67th"]
[Site "Inowroclaw"]
[Date "2014.08.10"]
[Round "3"]
[White "Szczepaniec, Stanislaw"]
[Black "Pawlowski, Pawel"]
[Result "1/2-1/2"]
[WhiteElo "1984"]
[BlackElo "1744"]
[PlyCount "55"]
[EventDate "2014.08.09"]
[EventType "swiss"]
[EventRounds "9"]
[EventCountry "POL"]
[SourceTitle "EXT 2019"]
[Source "ChessBase"]
[SourceDate "2018.10.10"]
[SourceVersion "1"]
[SourceVersionDate "2018.10.10"]
[SourceQuality "1"]

1. c4 c5 2. Nf3 Nc6 3. d4 cxd4 4. Nxd4 Nf6 5. Nc3 g6 6. e4 d6 7. Be2 Nxd4 8. Qxd4 Bg7 9. Be3 0-0 10. Qd2 Ng4 11. Bxg4 Bxg4 12. 0-0 b6 13. b3 Bd7 14. Bh6 Bc6 15. Rad1 Qc7 16. a4 Qb7 17. Rfe1 Rfe8 18. Bxg7 Kxg7 19. Re3 Rh8 20. f4 f6 21. h4 h5 22. f5 Rag8 23. b4 gxf5 24. exf5 Kf8 25. g3 Rg4 26. b5 Bf3 27. Ne2 Rhg8 28. Kf2 1/2-1/2

[Event "Sokolka op 5th"]
[Site "Sokolka"]
[Date "2014.07.12"]
[Round "5"]
[White "Zebelis, Rimantas"]
[Black "Szczepaniec, Stanislaw"]
[Result "0-1"]
[WhiteElo "1845"]
[BlackElo "1984"]
[PlyCount "58"]
[EventDate "2014.07.08"]
[EventType "swiss"]
[EventRounds "9"]
[EventCountry "POL"]
[SourceTitle "CBM 161 Extra"]
[Source "ChessBase"]
[SourceDate "2014.08.29"]
[SourceVersion "1"]
[SourceVersionDate "2014.08.29"]
[SourceQuality "1"]

1. d4 f5 2. e4 fxe4 3. Nc3 Nf6 4. Bg5 c6 5. Bxf6 exf6 6. Nxe4 d5 7. Ng3 Qb6 8. Bd3 Qxb2 9. Kf1 Kf7 10. N1e2 b6 11. h4 Bd6 12. Nf5 Bxf5 13. Bxf5 Na6 14. g3 Rhd8 15. Kg2 g6 16. Bg4 Nc7 17. h5 f5 18. Rb1 Qa3 19. Rb3 Qa6 20. Rf3 Ke7 21. Bh3 Rf8 22. Qd2 Ne6 23. Re1 Kd8 24. Nc1 Rf6 25. Rfe3 Ng5 26. f3 Nxh3 27. Kxh3 f4 28. Re6 Qc8 29. Qe2 Rxe6 0-1

[Event "Jastrzebia Gora Fianchetto op"]
[Site "Jastrzebia Gora"]
[Date "2014.??.??"]
[Round "4"]
[White "Pioch, Zygmunt"]
[Black "Szczepaniec, Stanislaw"]
[Result "1-0"]
[WhiteElo "2052"]
[BlackElo "1984"]
[PlyCount "76"]
[EventDate "2014.08.31"]
[EventType "swiss"]
[EventRounds "9"]
[EventCountry "POL"]
[SourceTitle "CBM 162 Extra"]
[Source "ChessBase"]
[SourceDate "2014.10.17"]
[SourceVersion "1"]
[SourceVersionDate "2014.10.17"]
[SourceQuality "1"]

1. e4 c5 2. Nf3 Nc6 3. d4 cxd4 4. Nxd4 g6 5. Nc3 Bg7 6. Be3 Nf6 7. Bc4 0-0 8. Bb3 a5 9. 0-0 a4 10. Nxa4 Nxe4 11. Nb5 d6 12. Qe2 Nf6 13. Rad1 Nd7 14. Rfe1 b6 15. Bg5 Bf6 16. Bh6 Bg7 17. Bxg7 Kxg7 18. Nac3 Ra5 19. Bd5 Bb7 20. a4 Qc8 21. f4 Nf6 22. Bf3 Qf5 23. b4 Raa8 24. g3 Rad8 25. Nd5 h5 26. Nxb6 Rb8 27. Nd5 Nxd5 28. Rxd5 Qf6 29. c3 Nd8 30. Rd3 Ne6 31. Bxb7 Rxb7 32. Qe4 Rfb8 33. Rb1 h4 34. Kg2 Rd7 35. c4 g5 36. f5 Nc7 37. Qd4 Nxb5 38. cxb5 hxg3 1-0

[Event "Sokolka op 4th"]
[Site "Sokolka"]
[Date "2013.??.??"]
[Round "1"]
[White "Kotarski, Bartosz"]
[Black "Szczepaniec, Stanislaw"]
[Result "1/2-1/2"]
[WhiteElo "1480"]
[BlackElo "1972"]
[PlyCount "89"]
[EventDate "2013.07.??"]
[EventType "swiss"]
[EventRounds "9"]
[EventCountry "POL"]
[SourceTitle "EXT 2015"]
[Source "ChessBase"]
[SourceDate "2014.11.20"]
[SourceVersion "1"]
[SourceVersionDate "2014.11.20"]
[SourceQuality "1"]

1. e4 c5 2. Nc3 Nc6 3. f4 g6 4. g3 Bg7 5. Nf3 e6 6. d3 Nge7 7. Be3 Nd4 8. Bg2 0-0 9. 0-0 d5 10. g4 Nxf3+ 11. Qxf3 d4 12. e5 dxe3 13. Kh1 f6 14. exf6 Bxf6 15. Ne4 Bxb2 16. Rab1 Bd4 17. c3 Nd5 18. cxd4 Rxf4 19. Qg3 Rxf1+ 20. Rxf1 cxd4 21. Qf3 Qe7 22. g5 Bd7 23. Nf6+ Nxf6 24. gxf6 Qf7 25. Qxb7 Re8 26. Qxa7 Bb5 27. Qxd4 e2 28. Re1 Qc7 29. Kg1 Rd8 30. Qe3 Bxd3 31. Qxe6+ Qf7 32. Qb6 Rf8 33. Bf3 Qxa2 34. Qd4 Bc4 35. Kf2 Re8 36. Qd7 Bf7 37. Rxe2 Rxe2+ 38. Bxe2 Qe6 39. Qd4 h5 40. Qf4 Kh7 41. Qg5 Qf5+ 42. Qxf5 gxf5 43. Kg3 Kg6 44. Kf4 h4 45. Bd3 1/2-1/2

[Event "Sokolka op 4th"]
[Site "Sokolka"]
[Date "2013.??.??"]
[Round "9"]
[White "Szczepaniec, Stanislaw"]
[Black "Widelski, Kacper"]
[Result "1/2-1/2"]
[WhiteElo "1972"]
[BlackElo "1595"]
[PlyCount "176"]
[EventDate "2013.07.??"]
[EventType "swiss"]
[EventRounds "9"]
[EventCountry "POL"]
[SourceTitle "EXT 2015"]
[Source "ChessBase"]
[SourceDate "2014.11.20"]
[SourceVersion "1"]
[SourceVersionDate "2014.11.20"]
[SourceQuality "1"]

1. c4 c5 2. Nf3 Nf6 3. d4 cxd4 4. Nxd4 g6 5. Nc3 Bg7 6. e4 d6 7. Be2 0-0 8. Be3 Nc6 9. 0-0 Bd7 10. Qd2 Ng4 11. Bxg4 Bxg4 12. h3 Bd7 13. Rad1 Re8 14. f4 Qa5 15. e5 dxe5 16. Nb3 Qb4 17. Qxd7 Rad8 18. Qg4 Qxc4 19. f5 Qxg4 20. hxg4 Nd4 21. Ne4 b6 22. Bxd4 exd4 23. Rd3 Be5 24. Nbd2 Rd5 25. g3 Rc8 26. Nf3 Bg7 27. fxg6 fxg6 28. Rf2 b5 29. Kg2 a5 30. Rfd2 e5 31. g5 Rc6 32. Nh2 h6 33. gxh6 Bxh6 34. Re2 a4 35. Ng4 Bg7 36. Rf2 Rd8 37. Ngf6+ Bxf6 38. Nxf6+ Kg7 39. Ne4 Rdc8 40. g4 b4 41. g5 Rc2 42. b3 axb3 43. Rxb3 Rxf2+ 44. Kxf2 Rc2+ 45. Kf3 Rxa2 46. Rxb4 Ra3+ 47. Kg4 Re3 48. Rb7+ Kf8 49. Nf6 Re1 50. Rd7 Re3 51. Nd5 Re1 52. Nf6 Re3 53. Kh4 Re1 54. Ng4 Rh1+ 55. Kg3 Rh5 56. Nxe5 Rxg5+ 57. Kf4 Rg1 58. Ke4 Rd1 59. Nd3 Rg1 60. Kxd4 Rf1 61. Ke5 Rf7 62. Rd6 Kg7 63. Nf4 Rf5+ 64. Ke4 Rf6 65. Rd1 Ra6 66. Ke5 g5 67. Rd7+ Kh6 68. Ne6 Kh5 69. Kf6 Kg4 70. Rg7 Kf3 71. Rxg5 Ra4 72. Rb5 Ra3 73. Kf5 Kg3 74. Re5 Kf3 75. Ng5+ Kg3 76. Ne4+ Kf3 77. Rc5 Ke3 78. Ng5 Kd4 79. Ne6+ Ke3 80. Ke5 Kf3 81. Nd4+ Kg4 82. Ke4 Ra8 83. Re5 Ra2 84. Re8 Kg5 85. Rf8 Ra4 86. Rf1 Kg6 87. Ke5 Ra5+ 88. Kd6 Ra6+ 1/2-1/2

[Event "Vilnius op 2nd"]
[Site "Vilnius"]
[Date "2012.12.09"]
[Round "9"]
[White "Szczepaniec, Stanislaw"]
[Black "Voronov, Vadim"]
[Result "0-1"]
[WhiteElo "1984"]
[BlackElo "1914"]
[PlyCount "92"]
[EventDate "2012.12.01"]
[EventType "swiss"]
[EventRounds "9"]
[EventCountry "LTU"]
[SourceTitle "EXT 2022"]
[Source "ChessBase"]
[SourceDate "2021.10.06"]
[SourceVersion "1"]
[SourceVersionDate "2021.10.06"]
[SourceQuality "1"]

1. c4 Nf6 2. Nc3 e6 3. e4 d5 4. e5 Ne4 5. Nxe4 dxe4 6. Qg4 Nc6 7. Qxe4 Qd4 8. Qxd4 Nxd4 9. Bd3 Bd7 10. Ne2 Bc5 11. Nc3 0-0-0 12. Ne4 Be7 13. 0-0 a6 14. Rb1 Nc6 15. f4 Nb4 16. Be2 Nxa2 17. d3 Nb4 18. Ng5 Be8 19. Rf3 Nc2 20. Rh3 Nd4 21. Bf1 h6 22. b4 f6 23. Nf3 Nxf3+ 24. Rxf3 f5 25. Be3 g5 26. g3 g4 27. Rf2 h5 28. Ra2 Bc6 29. d4 Be4 30. Rbb2 h4 31. b5 hxg3 32. hxg3 Rh1+ 33. Kf2 Rdh8 34. c5 R8h2+ 35. Ke1 Rxb2 36. Rxb2 Bd3 37. Rf2 Bxb5 38. Bd2 Kd7 39. Bb4 Kc6 40. Ba3 Bd8 41. d5+ exd5 42. e6 Be7 43. Re2 Bxe2 44. Kxe2 Rh6 45. Kd2 Rxe6 46. Bd3 Re4 0-1

[Event "Vilnius op 2nd"]
[Site "Vilnius"]
[Date "2012.12.08"]
[Round "8"]
[White "Gurevicius, Arunas"]
[Black "Szczepaniec, Stanislaw"]
[Result "0-1"]
[WhiteElo "1740"]
[BlackElo "1984"]
[PlyCount "60"]
[EventDate "2012.12.01"]
[EventType "swiss"]
[EventRounds "9"]
[EventCountry "LTU"]
[SourceTitle "EXT 2022"]
[Source "ChessBase"]
[SourceDate "2021.10.06"]
[SourceVersion "1"]
[SourceVersionDate "2021.10.06"]
[SourceQuality "1"]

1. Nf3 c5 2. c4 Nc6 3. Nc3 g6 4. b3 Bg7 5. Bb2 Nf6 6. g3 0-0 7. Bg2 e5 8. 0-0 d6 9. d3 Bg4 10. Nd2 Qd7 11. Nd5 Bh3 12. e4 Nd4 13. Nf3 Bxg2 14. Kxg2 Nxf3 15. Qxf3 Nxd5 16. cxd5 f5 17. Qe2 f4 18. f3 h5 19. Rf2 Rf7 20. Raf1 Raf8 21. Bc1 g5 22. h3 fxg3 23. Kxg3 Bh6 24. Kh2 Kh7 25. Rg1 Qe7 26. a3 Qf6 27. f4 g4 28. f5 Qh4 29. Kh1 g3 30. Bxh6 gxf2 0-1

[Event "Rowy op 09"]
[Site "Rowy"]
[Date "2012.09.??"]
[Round "1"]
[White "Borkowski, Jozef"]
[Black "Szczepaniec, Stanislaw"]
[Result "0-1"]
[WhiteElo "1717"]
[BlackElo "2052"]
[PlyCount "44"]
[EventDate "2012.09.??"]
[EventType "swiss"]
[EventRounds "9"]
[EventCountry "POL"]
[SourceTitle "EXT 2014"]
[Source "ChessBase"]
[SourceDate "2013.11.20"]
[SourceVersion "1"]
[SourceVersionDate "2013.11.20"]
[SourceQuality "1"]

1. e4 c5 2. Nf3 Nc6 3. d4 cxd4 4. Nxd4 g6 5. b3 Bg7 6. Bb2 Qa5+ 7. Ke2 Qe5 8. Ke3 d5 9. f3 f5 10. c3 Bh6+ 11. Kf2 fxe4 12. fxe4 Nf6 13. Nd2 dxe4 14. Nc4 Qf4+ 15. Ke1 Ng4 16. Qe2 Nxd4 17. cxd4 0-0 18. Bc1 e3 19. h3 Qg3+ 20. Kd1 Nf2+ 21. Kc2 Nxh1 22. Nxe3 Rf2 0-1

[Event "Kujawsko Pomorskie-ch op-A 65th"]
[Site "Szubin"]
[Date "2012.08.15"]
[Round "4.6"]
[White "Szczepaniec, Stanislaw"]
[Black "Konieczynski, Piotr"]
[Result "1-0"]
[WhiteElo "2052"]
[BlackElo "1925"]
[PlyCount "105"]
[EventDate "2012.08.09"]
[EventType "swiss"]
[EventRounds "9"]
[EventCountry "POL"]
[SourceTitle "EXT 2023"]
[Source "ChessBase"]
[SourceDate "2022.10.05"]
[SourceVersion "1"]
[SourceVersionDate "2022.10.05"]
[SourceQuality "1"]

1. c4 e6 2. Nf3 Nf6 3. g3 d5 4. Bg2 Be7 5. d4 0-0 6. Qc2 Nbd7 7. 0-0 c5 8. cxd5 Nxd5 9. Rd1 b6 10. Ne5 Nxe5 11. dxe5 Bb7 12. Nc3 Rc8 13. a3 Qc7 14. Nxd5 exd5 15. Bxd5 Bxd5 16. Rxd5 Rcd8 17. Rxd8 Rxd8 18. f4 c4 19. Be3 Bc5 20. Bxc5 Qxc5+ 21. Kg2 Qd5+ 22. Kh3 h5 23. Rf1 b5 24. Qc3 Qd2 25. e4 Qxc3 26. bxc3 Rd3 27. Rc1 Rd2 28. a4 bxa4 29. Ra1 Rc2 30. Rxa4 Rxc3 31. Rxa7 Rc2 32. Ra8+ Kh7 33. Rf8 Re2 34. Rxf7 Rxe4 35. Rc7 Kg6 36. Kh4 Kh6 37. Rc6+ g6 38. Kh3 Kg7 39. Kg2 Re2+ 40. Kf3 Rxh2 41. Rxc4 h4 42. g4 Rh3+ 43. Ke4 Rg3 44. Rc7+ Kg8 45. g5 h3 46. Rc2 Kf7 47. Rd2 Ke7 48. Kd5 Rf3 49. Ra2 Rxf4 50. Ra7+ Kf8 51. Rh7 Rf5 52. Kd6 Rf3 53. e6 1-0

[Event "Kujawsko Pomorskie-ch op-A 65th"]
[Site "Szubin"]
[Date "2012.08.15"]
[Round "3.6"]
[White "Zielinski, Olgierd"]
[Black "Szczepaniec, Stanislaw"]
[Result "1/2-1/2"]
[WhiteElo "1851"]
[BlackElo "2052"]
[PlyCount "114"]
[EventDate "2012.08.09"]
[EventType "swiss"]
[EventRounds "9"]
[EventCountry "POL"]
[SourceTitle "EXT 2023"]
[Source "ChessBase"]
[SourceDate "2022.10.05"]
[SourceVersion "1"]
[SourceVersionDate "2022.10.05"]
[SourceQuality "1"]

1. e4 c5 2. Nf3 Nc6 3. d4 cxd4 4. Nxd4 g6 5. c4 Bg7 6. Be3 Nf6 7. Nc3 d6 8. Be2 0-0 9. 0-0 Bd7 10. Rc1 Nxd4 11. Bxd4 Bc6 12. f3 Nd7 13. Bxg7 Kxg7 14. Qd4+ Kg8 15. b3 Qa5 16. f4 a6 17. Rc2 Rfc8 18. Bg4 Rc7 19. Bxd7 Rxd7 20. Nd5 Bxd5 21. cxd5 e6 22. dxe6 fxe6 23. Rd1 Rf8 24. g3 Qd8 25. Rcd2 Qe7 26. Qb4 Rfd8 27. a4 Kf7 28. Kf2 h5 29. Kf3 Kg7 30. h3 Kh6 31. e5 d5 32. Qxe7 Rxe7 33. Rc1 g5 34. Rdc2 gxf4 35. g4 hxg4+ 36. hxg4 d4 37. Rh2+ Kg6 38. Rch1 d3 39. Rh6+ Kf7 40. Rh7+ Ke8 41. Rh8+ Kd7 42. Rxd8+ Kxd8 43. Kxf4 Rd7 44. Ke4 d2 45. Rd1 Ke7 46. Ke3 Rd5 47. Rxd2 Rxe5+ 48. Kf4 Re1 49. g5 Rf1+ 50. Kg4 e5 51. Rg2 Ke6 52. Rg3 e4 53. g6 Kf6 54. g7 Kxg7 55. Re3 Rb1 56. Kf4 Kf7 57. Kxe4 Ke6 1/2-1/2

[Event "Gdansk op 14th"]
[Site "Gdansk"]
[Date "2012.07.23"]
[Round "3"]
[White "Czarkowski, Tomasz"]
[Black "Szczepaniec, Stanislaw"]
[Result "1-0"]
[WhiteElo "1636"]
[BlackElo "2059"]
[PlyCount "47"]
[EventDate "2012.07.22"]
[EventType "swiss"]
[EventRounds "9"]
[EventCountry "POL"]
[SourceTitle "CBM 149 Extra"]
[Source "ChessBase"]
[SourceDate "2012.08.24"]
[SourceVersion "1"]
[SourceVersionDate "2012.08.24"]
[SourceQuality "1"]

1. d4 Nf6 2. c4 g6 3. Nf3 Bg7 4. Nc3 d6 5. Bf4 0-0 6. e3 Nbd7 7. h3 c6 8. Be2 Re8 9. 0-0 Qb6 10. Qc2 e5 11. Bh2 e4 12. Nd2 d5 13. cxd5 cxd5 14. Nb5 Nf8 15. Nc7 Be6 16. Nxa8 Rxa8 17. Qb3 Qa5 18. Rfd1 Rc8 19. Qxb7 Rc2 20. Nb3 Qa4 21. Nc5 Qa5 22. Bc7 Rxc5 23. Bxa5 Rxa5 24. Qb4 1-0

[Event "Gdansk op 13th"]
[Site "Gdansk"]
[Date "2011.07.24"]
[Round "9"]
[White "Szczepaniec, Stanislaw"]
[Black "Norov, Artem"]
[Result "1-0"]
[WhiteElo "2075"]
[BlackElo "1541"]
[PlyCount "95"]
[EventDate "2011.07.17"]
[EventType "swiss"]
[EventRounds "9"]
[EventCountry "POL"]
[SourceTitle "CBM 143 Extra"]
[Source "ChessBase"]
[SourceDate "2011.08.29"]
[SourceVersion "1"]
[SourceVersionDate "2011.08.29"]
[SourceQuality "1"]

1. c4 e6 2. Nf3 d5 3. g3 Nf6 4. Bg2 c6 5. Qc2 Nbd7 6. 0-0 Be7 7. d4 0-0 8. Rd1 b6 9. b3 Bb7 10. Nc3 Ba6 11. Bb2 dxc4 12. Ne5 cxb3 13. axb3 Bb7 14. Nxc6 Bxc6 15. Bxc6 Rc8 16. Bg2 Qc7 17. Qd3 Qb8 18. e4 Rfd8 19. Qa6 Bb4 20. Nb5 Rc2 21. Ba3 Bxa3 22. Nxa3 Rcc8 23. Nb5 Rc2 24. h3 h5 25. Qxa7 Qxa7 26. Nxa7 Rc3 27. Rab1 Ra8 28. Nb5 Rc2 29. e5 Nd5 30. Be4 Re2 31. Bxd5 exd5 32. Nc3 Rc2 33. Nxd5 h4 34. gxh4 Re2 35. Re1 Rd2 36. Rbd1 Rb2 37. Re3 Ra3 38. Rdd3 Ra1+ 39. Kg2 Rbb1 40. Rg3 Rg1+ 41. Kf3 Rgf1 42. Nf6+ Nxf6 43. exf6 g6 44. d5 Ra2 45. Rg2 Kf8 46. h5 gxh5 47. d6 Ke8 48. d7+ 1-0

[Event "Polanica Zdroj op-E 46th"]
[Site "Polanica Zdroj"]
[Date "2010.08.21"]
[Round "3"]
[White "Szczepaniec, Stanislaw"]
[Black "Jackowski, Ryszard"]
[Result "1-0"]
[WhiteElo "2077"]
[BlackElo "1837"]
[PlyCount "78"]
[EventDate "2010.08.19"]
[EventType "swiss"]
[EventRounds "10"]
[EventCountry "POL"]
[SourceTitle "CBM 138 Extra"]
[Source "ChessBase"]
[SourceDate "2010.10.29"]
[SourceVersion "1"]
[SourceVersionDate "2010.10.29"]
[SourceQuality "1"]

1. e4 g6 2. d4 Bg7 3. c4 d6 4. Nc3 c6 5. Be2 Nf6 6. Bg5 0-0 7. Qd2 e5 8. Nf3 Qc7 9. 0-0 Nbd7 10. Rac1 a6 11. Rfd1 Re8 12. dxe5 dxe5 13. Qd6 Qxd6 14. Rxd6 h6 15. Bh4 g5 16. Bg3 Nh5 17. Rcd1 Nc5 18. b4 Ne6 19. c5 Nf8 20. Na4 Be6 21. Nb6 Rab8 22. Bc4 Bxc4 23. Nxc4 Ne6 24. Rd7 f6 25. Nd6 Red8 26. Nxb7 Rxd7 27. Rxd7 Bf8 28. a3 Nd4 29. Nxd4 exd4 30. Na5 Rc8 31. Kf1 Bg7 32. Ke2 f5 33. exf5 Re8+ 34. Kd2 d3 35. Kxd3 Re1 36. Kd2 Ra1 37. Rd3 Ra2+ 38. Ke3 Bb2 39. Nxc6 Bxa3 1-0

[Event "Gdansk op 12th "]
[Site "Gdansk"]
[Date "2010.07.21"]
[Round "6"]
[White "Kempinski, Tomasz"]
[Black "Szczepaniec, Stanislaw"]
[Result "1-0"]
[WhiteElo "2262"]
[BlackElo "2077"]
[PlyCount "97"]
[EventDate "2010.07.17"]
[EventType "swiss"]
[EventRounds "9"]
[EventCountry "POL"]
[SourceTitle "EXT 2011"]
[Source "ChessBase"]
[SourceDate "2010.11.26"]
[SourceVersion "1"]
[SourceVersionDate "2010.11.26"]
[SourceQuality "1"]

1. e4 c5 2. Nf3 d6 3. d4 cxd4 4. Nxd4 Nf6 5. Nc3 g6 6. Be2 Bg7 7. Be3 Nc6 8. 0-0 0-0 9. Nb3 Be6 10. f4 Qc8 11. Bf3 Bg4 12. h3 Bxf3 13. Qxf3 Nd7 14. Qe2 a5 15. a4 Nb4 16. Rf2 Nc5 17. Nxc5 dxc5 18. Qc4 b6 19. Rd1 Rd8 20. Rxd8+ Qxd8 21. Rd2 Qc7 22. Nb5 Qb7 23. c3 Nc6 24. e5 Rd8 25. Qe2 g5 26. g3 Rxd2 27. Qxd2 gxf4 28. gxf4 Qc8 29. Kg2 Bh6 30. Qd5 e6 31. Qf3 Ne7 32. Nd6 Qf8 33. Qb7 Nd5 34. Kf3 Qe7 35. Qxe7 Nxe7 36. Bf2 Nd5 37. Bg3 Bf8 38. Nc8 c4 39. Bf2 Bh6 40. Nxb6 Nxf4 41. Be3 Nd3 42. Bxh6 Nxe5+ 43. Ke4 f6 44. Bf4 Nd3 45. Nxc4 Nc5+ 46. Kd4 Nb3+ 47. Kd3 e5 48. Be3 Kf7 49. Kc2 1-0

[Event "Gdansk op 12th "]
[Site "Gdansk"]
[Date "2010.07.19"]
[Round "4"]
[White "Szymanowski, Mateusz"]
[Black "Szczepaniec, Stanislaw"]
[Result "1/2-1/2"]
[WhiteElo "1705"]
[BlackElo "2077"]
[PlyCount "123"]
[EventDate "2010.07.17"]
[EventType "swiss"]
[EventRounds "9"]
[EventCountry "POL"]
[SourceTitle "EXT 2011"]
[Source "ChessBase"]
[SourceDate "2010.11.26"]
[SourceVersion "1"]
[SourceVersionDate "2010.11.26"]
[SourceQuality "1"]

1. e4 c5 2. Nf3 Nc6 3. d4 cxd4 4. Nxd4 g6 5. c4 Nf6 6. Nc3 d6 7. Be3 Ng4 8. Nxc6 Nxe3 9. Nxd8 Nxd1 10. Rxd1 Kxd8 11. c5 Be6 12. cxd6 exd6 13. e5 Rc8 14. Be2 a6 15. 0-0 Rc5 16. f4 b5 17. a3 Kc7 18. exd6+ Bxd6 19. g3 Be7 20. Bf3 Rd8 21. Rxd8 Bxd8 22. Rc1 Kb6 23. Rd1 Kc7 24. Rd2 a5 25. Ne4 Rc1+ 26. Kg2 b4 27. axb4 axb4 28. g4 b3 29. Kf2 Be7 30. Bd1 f5 31. gxf5 gxf5 32. Nc3 Bc5+ 33. Kg3 Kc6 34. Bf3+ Kc7 35. Nd5+ Kc8 36. Bd1 Bf7 37. Bxb3 Rg1+ 38. Rg2 Kb7 39. Rxg1 Bxg1 40. Bc4 h5 41. h4 Bd4 42. b3 Be6 43. Ne7 Bd7 44. Bd3 Be6 45. Nxf5 Bc3 46. Nd6+ Kc6 47. Ne4 Be1+ 48. Nf2 Bxb3 49. Kg2 Bf7 50. Be2 Kd5 51. Bf3+ Kd4 52. Kf1 Ba5 53. Nh3 Ke3 54. Kg2 Be1 55. Ng5 Bg6 56. f5 Bxf5 57. Bxh5 Bxh4 58. Nf7 Be4+ 59. Kh3 Bf6 60. Nh6 Kf4 61. Ng4 Bf5 62. Kg2 1/2-1/2

[Event "Gdansk op 12th "]
[Site "Gdansk"]
[Date "2010.07.18"]
[Round "3"]
[White "Szczepaniec, Stanislaw"]
[Black "Tyda, Agata"]
[Result "1-0"]
[WhiteElo "2077"]
[BlackElo "1617"]
[PlyCount "45"]
[EventDate "2010.07.17"]
[EventType "swiss"]
[EventRounds "9"]
[EventCountry "POL"]
[SourceTitle "EXT 2011"]
[Source "ChessBase"]
[SourceDate "2010.11.26"]
[SourceVersion "1"]
[SourceVersionDate "2010.11.26"]
[SourceQuality "1"]

1. c4 e5 2. Nc3 Nc6 3. Nf3 Nf6 4. d4 exd4 5. Nxd4 Bb4 6. Nc2 Bxc3+ 7. bxc3 0-0 8. e3 d5 9. Ba3 Re8 10. Nd4 Ne7 11. Qc2 Ng6 12. cxd5 Nxd5 13. g3 Bg4 14. h3 Nxe3 15. fxe3 Rxe3+ 16. Be2 Bxe2 17. Nxe2 Qf6 18. Rh2 Rae8 19. 0-0-0 Qa6 20. Bb4 Rxe2 21. Rxe2 Rxe2 22. Qxe2 Qxe2 23. Rd8+ 1-0